Drama and discussion
保存先:
| 第一著者: | |
|---|---|
| フォーマット: | 図書 |
| 言語: | 英語 |
| 出版事項: |
Nueva York
Appleton-Century-Crofts
1967
|
| 主題: | |
| タグ: |
タグ追加
タグなし, このレコードへの初めてのタグを付けませんか!
|
MARC
| LEADER | 00000nam a2200000 a 4500 | ||
|---|---|---|---|
| 001 | UCU4937 | ||
| 003 | CL-VaPUC | ||
| 008 | 960531e19670000US |||||||||||||||||eng|d | ||
| 082 | 0 | 4 | |a 808.82 |b CLA |2 21 |
| 100 | 0 | |a Clayes, Stanley A |e author |9 362695 | |
| 245 | 1 | 0 | |a Drama and discussion |
| 300 | |a 651 p | ||
| 942 | |c BK | ||
| 945 | |d 19960531 00:00:00 |a rleighto | ||
| 260 | |a Nueva York |b Appleton-Century-Crofts |c 1967 | ||
| 600 | 0 | 7 | |a EURIPIDES |2 CL-VaPUC |9 269419 |
| 600 | 0 | |a Sófocles |e autor |9 269407 | |
| 600 | 0 | |a Shakespeare, William |9 265757 | |
| 600 | 0 | 7 | |a GIRADAUX, JEAN |2 CL-VaPUC |9 362696 |
| 600 | 0 | |a García Lorca, Federico |e autor |9 315690 | |
| 600 | 0 | 7 | |a BRECHT, BERTOLT |2 CL-VaPUC |9 311649 |
| 600 | 0 | 7 | |a SHAW, GEORGE BERNARD |2 CL-VaPUC |9 322529 |
| 600 | 0 | |a Ibsen, Henrik |d 1828-1906 |9 349947 | |
| 600 | 0 | 7 | |a BECKETT, SAMUEL |2 CL-VaPUC |9 362697 |
| 600 | 0 | 7 | |a WILLIAMS, TENNESSEE |2 CL-VaPUC |9 362698 |
| 650 | 0 | |a Tragedia griega |9 265362 | |
| 650 | 0 | |a Drama inglés |9 311029 | |
| 650 | 0 | |a Drama francés |9 313202 | |
| 650 | 0 | |a Drama español |9 265098 | |
| 650 | 7 | |a DRAMA ALEMAN |2 CL-VaPUC |9 319224 | |
| 650 | 0 | |a DRAMA IRLANDES |9 330167 | |
| 650 | 7 | |a DRAMA NORUEGO |2 CL-VaPUC |9 362699 | |
| 650 | 7 | |a DRAMA ESTADOUNIDENSE |2 CL-VaPUC |9 319409 | |
| 583 | |a last modification |c 19960531 00:00:00 |k Rodrigo Vera | ||
| 999 | |c 248461 |d 248459 | ||
| 952 | |0 0 |1 0 |4 0 |6 808_820000000000000_CLA_1967 |7 0 |8 A |9 265086 |a BIBEDU |b BIBEDU |d 2019-11-19 |i 3205169 |o 808.82 CLA 1967 |p 3205169 |r 2019-11-19 |w 2019-11-19 |y BK |k LIT | ||